[Event "Dieren Reserve-B"]
[Site "Dieren"]
[Date "2013.07.31"]
[Round "8"]
[White "Rouwhorst, Jop"]
[Black "Posthuma, Frank"]
[Result "1-0"]
[WhiteElo "1838"]
[BlackElo "1801"]
[PlyCount "62"]
[EventDate "2013.07.23"]
[EventType "swiss"]
[EventRounds "9"]
[EventCountry "NED"]
[SourceTitle "EXT 2014"]
[Source "ChessBase"]
[SourceDate "2013.11.20"]
[SourceVersion "1"]
[SourceVersionDate "2013.11.20"]
[SourceQuality "1"]

1. e4 e6 2. d4 d5 3. Nc3 Bb4 4. e5 c5 5. a3 Bxc3+ 6. bxc3 Nc6 7. Qg4 Nge7 8. Nf3 cxd4 9. cxd4 Qc7 10. Bd3 h5 11. Qxg7 Rg8 12. Qf6 Nxd4 13. Nxd4 Qc3+ 14. Ke2 Qxd4 15. Be3 Qg4+ 16. Kd2 d4 17. Bh6 Bd7 18. Rhg1 Nd5 19. Qf3 Rh8 20. Qxg4 hxg4 21. Bg5 Bc6 22. h4 gxh3 23. gxh3 Rxh3 24. Rh1 Rxh1 25. Rxh1 Kd7 26. Rh7 Kc7 27. f4 Kb6 28. Rxf7 Rh8 29. Rh7 Rxh7 30. Bxh7 Nc3 31. Kd3 Kc5 1-0

[Event "Dieren Reserve-B"]
[Site "Dieren"]
[Date "2013.07.24"]
[Round "2"]
[White "Rouwhorst, Jop"]
[Black "Evengroen, Bernard"]
[Result "0-1"]
[WhiteElo "1838"]
[BlackElo "1643"]
[PlyCount "70"]
[EventDate "2013.07.23"]
[EventType "swiss"]
[EventRounds "9"]
[EventCountry "NED"]
[SourceTitle "EXT 2014"]
[Source "ChessBase"]
[SourceDate "2013.11.20"]
[SourceVersion "1"]
[SourceVersionDate "2013.11.20"]
[SourceQuality "1"]

1. e4 c5 2. Nc3 Nc6 3. g3 d6 4. Bg2 g6 5. d3 Bg7 6. f4 Nf6 7. Nf3 0-0 8. h3 e6 9. 0-0 d5 10. g4 Ne8 11. e5 f6 12. Re1 f5 13. d4 c4 14. b3 Na5 15. Ba3 Rf7 16. Ng5 Rc7 17. Nb5 cxb3 18. Nxc7 bxc2 19. Qxc2 Nxc7 20. Bf1 b5 21. Qc5 Nc4 22. Qe7 Qxe7 23. Bxe7 h6 24. Nf3 Kf7 25. Bd6 Ne8 26. Bxc4 dxc4 27. Bc5 Bb7 28. Kf2 Bf8 29. Bxf8 Kxf8 30. a4 b4 31. a5 Nc7 32. Ra4 Nd5 33. Rb1 c3 34. Rbxb4 Nxb4 35. Rxb4 c2 0-1